[Event "Ruhrgebiet Verbandsbezirksliga Gr 1"]
[Site "Ruhrgebiet"]
[Date "2019.02.10"]
[Round "6.4"]
[White "Jenke, Johannes"]
[Black "Dreesbach, Christoph"]
[Result "0-1"]
[WhiteElo "1662"]
[BlackElo "1790"]
[PlyCount "114"]
[EventDate "2018.09.30"]
[EventType "team-tourn"]
[EventRounds "9"]
[EventCountry "GER"]
[SourceTitle "EXT 2022"]
[Source "ChessBase"]
[SourceDate "2021.10.06"]
[SourceVersion "1"]
[SourceVersionDate "2021.10.06"]
[SourceQuality "1"]
[WhiteTeam "Werl SC 1981 II"]
[BlackTeam "Ahlen SV II"]
[WhiteTeamCountry "GER"]
[BlackTeamCountry "GER"]

1. d4 e6 2. e4 d5 3. exd5 exd5 4. Bd3 Bd6 5. Ne2 Nf6 6. Bg5 Be6 7. f3 Nc6 8. c3 h6 9. Bh4 g5 10. Bf2 Qd7 11. Nd2 0-0-0 12. Qc2 Nh5 13. g3 f5 14. 0-0-0 f4 15. g4 Nf6 16. Nb3 Bg8 17. Nc5 Bxc5 18. dxc5 Bh7 19. Bxh7 Qxh7 20. Qa4 a6 21. Nd4 Qd7 22. Rhe1 Rhe8 23. Nf5 h5 24. h3 hxg4 25. hxg4 Ne5 26. Qxd7+ Rxd7 27. Nd4 Rh7 28. Rf1 Rh3 29. Bg1 Nc4 30. Nf5 Ne3 31. Nxe3 fxe3 32. Rde1 d4 33. cxd4 Nd5 34. Kc2 Rh1 35. Bf2 Rxf1 36. Rxf1 exf2 37. Rxf2 Nf4 38. Kc3 Re2 39. Rxe2 Nxe2+ 40. Kd3 Ng1 41. Ke4 Nh3 42. d5 Kd7 43. Ke5 b6 44. cxb6 cxb6 45. d6 a5 46. a4 Ng1 47. f4 gxf4 48. g5 Nf3+ 49. Kxf4 Nxg5 50. Kxg5 Kxd6 51. Kf4 Kc5 52. Ke3 Kc4 53. Kd2 Kb3 54. Kc1 Kxa4 55. Kc2 Kb4 56. b3 Ka3 57. Kc3 b5 0-1

[Event "Ruhrgebiet Regionalliga 1516"]
[Site "Germany"]
[Date "2015.12.06"]
[Round "4.8"]
[White "Evertz, Dieter"]
[Black "Dreesbach, Christoph"]
[Result "1/2-1/2"]
[WhiteElo "2011"]
[BlackElo "1779"]
[PlyCount "92"]
[EventDate "2015.09.13"]
[EventType "team-tourn"]
[EventRounds "9"]
[EventCountry "GER"]
[SourceTitle "EXT 2022"]
[Source "ChessBase"]
[SourceDate "2021.10.06"]
[SourceVersion "1"]
[SourceVersionDate "2021.10.06"]
[SourceQuality "1"]
[WhiteTeam "Sodingen/Castrop SK II"]
[BlackTeam "Ahlen SV"]
[WhiteTeamCountry "GER"]
[BlackTeamCountry "GER"]

1. e4 e6 2. Nf3 d5 3. e5 Ne7 4. c3 Ng6 5. b4 Bd7 6. d4 Be7 7. Bd3 b6 8. a4 a6 9. h4 h6 10. h5 Nf8 11. Be3 c5 12. bxc5 bxc5 13. 0-0 Nh7 14. Qc2 Ng5 15. Nxg5 Bxg5 16. f4 Be7 17. Qf2 cxd4 18. cxd4 0-0 19. f5 exf5 20. Bxf5 Bxf5 21. Qxf5 Bg5 22. Bxg5 Qxg5 23. Qf3 Qd8 24. Nc3 Nc6 25. Rad1 Nb4 26. Rb1 Rb8 27. Ne2 Qd7 28. Nf4 Qxa4 29. Kh2 Qd7 30. Qa3 a5 31. Qxa5 Nc6 32. Qc5 Rxb1 33. Rxb1 Ne7 34. Qd6 Qxd6 35. exd6 Nf5 36. Nxd5 Nxd6 37. Kg3 Nf5+ 38. Kf4 Nxd4 39. Rb4 Ne6+ 40. Kf3 Ng5+ 41. Kf4 g6 42. hxg6 fxg6+ 43. Kg4 Kg7 44. Nf4 Rf7 45. Ra4 Rf6 46. Rb4 Nf7 1/2-1/2

[Event "Ruhrgebiet Verbandsliga2 1213"]
[Site "Nordrheinwestfalen"]
[Date "2013.02.24"]
[Round "7.7"]
[White "Dreesbach, Christoph"]
[Black "Orhan, Zilan"]
[Result "1-0"]
[WhiteElo "1712"]
[BlackElo "1844"]
[PlyCount "61"]
[EventDate "2012.09.02"]
[EventType "team-tourn"]
[EventRounds "9"]
[EventCountry "GER"]
[SourceTitle "EXT 2020"]
[Source "ChessBase"]
[SourceDate "2019.10.17"]
[SourceVersion "1"]
[SourceVersionDate "2019.10.17"]
[SourceQuality "1"]
[WhiteTeam "Ahlen SV II"]
[BlackTeam "Bochum SG III"]
[WhiteTeamCountry "GER"]
[BlackTeamCountry "GER"]

1. e4 d5 2. exd5 Qxd5 3. Nc3 Qa5 4. d4 Bf5 5. Bd2 c6 6. Bc4 e6 7. Nge2 h6 8. 0-0 Nf6 9. Nd5 Qd8 10. Nxf6+ Qxf6 11. Bc3 Qg6 12. Bb3 Nd7 13. Ng3 Bg4 14. f3 Bh5 15. Re1 0-0-0 16. Qe2 Bd6 17. Qf2 Bc7 18. Bd2 Nf6 19. c4 Rd7 20. Be3 Qh7 21. Nxh5 Nxh5 22. d5 exd5 23. cxd5 Qg6 24. dxc6 Qxc6 25. Bxa7 Nf4 26. Rac1 Qg6 27. Bc2 Nh3+ 28. Kf1 Qa6+ 29. Qe2 Rd2 30. Qxa6 Rf2+ 31. Bxf2 1-0

[Event "Ruhrgebiet Verbandsliga2 1213"]
[Site "Nordrheinwestfalen"]
[Date "2012.09.02"]
[Round "1.7"]
[White "Dreesbach, Christoph"]
[Black "Butschek, Tanja"]
[Result "0-1"]
[WhiteElo "1712"]
[BlackElo "1871"]
[PlyCount "112"]
[EventDate "2012.09.02"]
[EventType "team-tourn"]
[EventRounds "9"]
[EventCountry "GER"]
[SourceTitle "EXT 2020"]
[Source "ChessBase"]
[SourceDate "2019.10.17"]
[SourceVersion "1"]
[SourceVersionDate "2019.10.17"]
[SourceQuality "1"]
[WhiteTeam "Ahlen SV II"]
[BlackTeam "Muelheim Nord III"]
[WhiteTeamCountry "GER"]
[BlackTeamCountry "GER"]

1. e4 c5 2. Nf3 e6 3. d4 cxd4 4. Nxd4 Nf6 5. Nc3 Nc6 6. Nb3 Bb4 7. Bd3 d5 8. Bd2 0-0 9. Qe2 d4 10. Na4 Bxd2+ 11. Qxd2 b6 12. c3 Bb7 13. 0-0 Qd7 14. cxd4 Nxd4 15. e5 Qd5 16. f3 Nxb3 17. axb3 Qxe5 18. Rfe1 Qd4+ 19. Kh1 Rfd8 20. Rad1 g6 21. Qg5 Rd5 22. Qd2 Rad8 23. Re3 Ba6 24. Nc3 R5d7 25. Qe1 Bb7 26. Bc2 Qb4 27. Rxd7 Rxd7 28. h3 Nd5 29. Rd3 Qe7 30. Qe5 Qd6 31. Qxd6 Rxd6 32. Rd2 Rd7 33. Be4 Rc7 34. Nb5 Rc1+ 35. Kh2 a6 36. Bxd5 Bxd5 37. Nd4 Kg7 38. g4 Kf6 39. f4 Ke7 40. f5 gxf5 41. gxf5 e5 42. Ne2 Rh1+ 43. Kg3 Be4 44. Kg4 f6 45. Ng3 Rg1 46. Kh4 Bf3 47. Rd3 Bc6 48. Rc3 Kd6 49. Nh5 Be4 50. Nxf6 Bxf5 51. Rf3 Ke6 52. Ne8 e4 53. Re3 Ke5 54. Nc7 Kd4 55. Re2 e3 56. Nxa6 Bd3 0-1

[Event "Dortmund op-B"]
[Site "Dortmund"]
[Date "2007.06.28"]
[Round "6"]
[White "Dreesbach, Christoph"]
[Black "Regber, Karl Heinz"]
[Result "1/2-1/2"]
[WhiteElo "1599"]
[BlackElo "1684"]
[PlyCount "80"]
[EventDate "2007.06.22"]
[EventType "swiss"]
[EventRounds "9"]
[EventCountry "GER"]
[SourceTitle "EXT 2008"]
[Source "ChessBase"]
[SourceDate "2007.11.25"]
[SourceVersion "1"]
[SourceVersionDate "2007.11.25"]
[SourceQuality "1"]

1. e4 e6 2. d4 d5 3. e5 c5 4. c3 Nc6 5. Nf3 Nge7 6. a3 cxd4 7. cxd4 Nf5 8. Nc3 h5 9. Be2 Be7 10. Be3 g5 11. Ng1 Nxe3 12. fxe3 g4 13. h3 Bh4+ 14. Kd2 Bg5 15. hxg4 Nxd4 16. Kd3 Nc6 17. Nf3 Bh6 18. gxh5 Na5 19. b3 Bd7 20. g4 Qb6 21. g5 Bb5+ 22. Nxb5 Qxb5+ 23. Kd2 Nxb3+ 24. Ke1 Qa5+ 25. Kf2 Nxa1 26. gxh6 Qxa3 27. Qxa1 Qxa1 28. Rxa1 a6 29. Rb1 b5 30. Kg3 Ke7 31. Kh4 Rxh6 32. Ra1 Rah8 33. Nd4 f6 34. exf6+ Kxf6 35. Rxa6 Ke5 36. Nxb5 Ke4 37. Nd6+ Kxe3 38. Nf7 Kxe2 39. Nxh8 Rxh8 40. Rxe6+ Kd3 1/2-1/2

[Event "Dortmund Sparkassen op-B"]
[Site "Dortmund"]
[Date "2006.08.05"]
[Round "8"]
[White "Dreesbach, Christoph"]
[Black "Whitmire, James David"]
[Result "1/2-1/2"]
[WhiteElo "1473"]
[BlackElo "1559"]
[PlyCount "80"]
[EventDate "2006.07.28"]
[EventType "swiss"]
[EventRounds "9"]
[EventCountry "GER"]
[SourceTitle "CBM 113 Extra"]
[Source "ChessBase"]
[SourceDate "2006.09.14"]
[SourceVersion "1"]
[SourceVersionDate "2006.09.14"]
[SourceQuality "1"]

1. e4 c5 2. Nf3 d6 3. d4 cxd4 4. Nxd4 Nf6 5. Nc3 a6 6. Be2 e5 7. Nb3 Be7 8. 0-0 0-0 9. f4 b5 10. a3 Bb7 11. Bf3 Nbd7 12. Qe1 Qc7 13. Qg3 Rfd8 14. Be3 exf4 15. Bxf4 Ne5 16. Nd4 Nxf3+ 17. gxf3 Nh5 18. Qg4 Nxf4 19. Qxf4 Qc5 20. Qe3 Bf6 21. Rad1 Re8 22. Qd3 d5 23. exd5 Rad8 24. Ne4 Bxd4+ 25. Qxd4 Qxd4+ 26. Rxd4 Rxd5 27. Rxd5 Bxd5 28. Rd1 Bxe4 29. fxe4 Kf8 30. Rd4 Ke7 31. Kf2 Rc8 32. c3 Rc4 33. Rxc4 bxc4 34. Ke3 Ke6 35. Kd4 g5 36. Kxc4 g4 37. Kd4 h5 38. b4 h4 39. Ke3 Ke5 40. c4 h3 1/2-1/2

[Event "Moehnesee Cup-B"]
[Site "Moehnesee"]
[Date "2005.08.21"]
[Round "6"]
[White "Thanabalasingam, Ajandhan"]
[Black "Dreesbach, Christoph"]
[Result "1/2-1/2"]
[WhiteElo "1250"]
[BlackElo "1492"]
[PlyCount "47"]
[EventDate "2005.08.18"]
[EventType "swiss"]
[EventRounds "7"]
[EventCountry "GER"]
[SourceTitle "CBM 108 Extra"]
[Source "ChessBase"]
[SourceDate "2005.11.04"]
[SourceVersion "1"]
[SourceVersionDate "2005.11.04"]
[SourceQuality "1"]

1. e4 e5 2. Nf3 Nc6 3. Bb5 a6 4. Ba4 Nf6 5. 0-0 Be7 6. Re1 b5 7. Bb3 0-0 8. c3 Bb7 9. d4 exd4 10. cxd4 d5 11. e5 Ne4 12. Nc3 Nxc3 13. bxc3 Na5 14. Bc2 Nc4 15. Nd2 c5 16. Nxc4 dxc4 17. Be3 Qd5 18. f3 Rac8 19. Be4 Qd7 20. d5 Rfd8 21. d6 Bxe4 22. fxe4 Bf8 23. Qd5 Qe6 24. Rad1 1/2-1/2

[Event "Moehnesee Cup-B"]
[Site "Moehnesee"]
[Date "2005.08.20"]
[Round "4"]
[White "Pothmann, Malte"]
[Black "Dreesbach, Christoph"]
[Result "1-0"]
[WhiteElo "1238"]
[BlackElo "1492"]
[PlyCount "111"]
[EventDate "2005.08.18"]
[EventType "swiss"]
[EventRounds "7"]
[EventCountry "GER"]
[SourceTitle "CBM 108 Extra"]
[Source "ChessBase"]
[SourceDate "2005.11.04"]
[SourceVersion "1"]
[SourceVersionDate "2005.11.04"]
[SourceQuality "1"]

1. e4 c5 2. Nf3 Nc6 3. Bc4 Nf6 4. Nc3 e6 5. 0-0 d5 6. exd5 exd5 7. Re1+ Be6 8. Bb5 h6 9. d3 Bd6 10. b3 0-0 11. Bxc6 bxc6 12. Bb2 Qc7 13. Ne2 Rad8 14. Qd2 Kh7 15. Ng3 c4 16. Be5 Bxe5 17. Nxe5 cxd3 18. Qxd3+ Kg8 19. c3 c5 20. Qc2 Qc8 21. Rad1 Ng4 22. Nxg4 Bxg4 23. f3 Be6 24. Nh5 c4 25. b4 Qc7 26. Qd2 Rfe8 27. Qd4 Qb6 28. Kf1 Qxd4 29. Rxd4 Ra8 30. Nf4 Bf5 31. Rxd5 Rxe1+ 32. Kxe1 Re8+ 33. Kf2 Bb1 34. a3 Ra8 35. Ne2 Ba2 36. Nc1 Bb3 37. Ke3 Re8+ 38. Kd2 Kf8 39. Rd4 Ra8 40. Re4 a5 41. g3 axb4 42. axb4 Rd8+ 43. Rd4 Rxd4+ 44. cxd4 Ba4 45. Kc3 Bb5 46. Ne2 Ke7 47. Nf4 Kd6 48. Ng2 g5 49. Ne3 h5 50. Nxc4+ Bxc4 51. Kxc4 h4 52. b5 f5 53. g4 fxg4 54. fxg4 h3 55. d5 Ke5 56. Kc5 1-0

[Event "Moehnesee Cup-B"]
[Site "Moehnesee"]
[Date "2005.08.19"]
[Round "3"]
[White "Dreesbach, Christoph"]
[Black "Bahr, Ekard"]
[Result "0-1"]
[WhiteElo "1492"]
[BlackElo "1770"]
[PlyCount "103"]
[EventDate "2005.08.18"]
[EventType "swiss"]
[EventRounds "7"]
[EventCountry "GER"]
[SourceTitle "CBM 108 Extra"]
[Source "ChessBase"]
[SourceDate "2005.11.04"]
[SourceVersion "1"]
[SourceVersionDate "2005.11.04"]
[SourceQuality "1"]

1. e4 e5 2. Nf3 Nc6 3. d4 exd4 4. Nxd4 Bc5 5. Be3 Qf6 6. c3 a6 7. a3 Nge7 8. Bc4 Ne5 9. Be2 Qg6 10. Nf3 Nxf3+ 11. Bxf3 Bxe3 12. fxe3 Qb6 13. Qd2 Nc6 14. b4 Ne5 15. Qd4 Nxf3+ 16. gxf3 Qh6 17. Qe5+ Kd8 18. Qf4 g5 19. Qg3 d6 20. Ke2 Be6 21. Rg1 f6 22. f4 Rg8 23. h4 Qxh4 24. Qxh4 gxh4 25. Rxg8+ Bxg8 26. Nd2 Ke8 27. Rh1 a5 28. Nb1 axb4 29. cxb4 Bf7 30. Rxh4 h5 31. Rh1 Kd7 32. b5 Ra5 33. Rg1 Rxb5 34. Rg7 Ke7 35. Nc3 Rb3 36. Nd5+ Kf8 37. Rh7 Bxd5 38. Rxc7 Bxe4 39. a4 h4 40. Rc8+ Kg7 41. Rc7+ Kh6 42. Rc8 Kh5 43. Kf2 Kg4 44. Rg8+ Kh3 45. Re8 f5 46. Rh8 Ra3 47. a5 Rxa5 48. Rh7 Rb5 49. Rh6 d5 50. Rh7 Rb2+ 51. Kg1 Kg3 52. Rg7+ 0-1

[Event "Moehnesee Cup-B"]
[Site "Moehnesee"]
[Date "2005.08.19"]
[Round "2"]
[White "Hoette, Philipp"]
[Black "Dreesbach, Christoph"]
[Result "0-1"]
[WhiteElo "1178"]
[BlackElo "1492"]
[PlyCount "113"]
[EventDate "2005.08.18"]
[EventType "swiss"]
[EventRounds "7"]
[EventCountry "GER"]
[SourceTitle "CBM 108 Extra"]
[Source "ChessBase"]
[SourceDate "2005.11.04"]
[SourceVersion "1"]
[SourceVersionDate "2005.11.04"]
[SourceQuality "1"]

1. c4 e5 2. Nc3 Nf6 3. g3 d5 4. cxd5 Nxd5 5. Bg2 Nb6 6. e3 Nc6 7. h3 Be6 8. Nge2 Be7 9. d4 Nd5 10. dxe5 Nxc3 11. Nxc3 Qxd1+ 12. Nxd1 Bb4+ 13. Nc3 Nxe5 14. Bxb7 Rb8 15. Ba6 Bd5 16. f3 Bxf3 17. 0-0 0-0 18. a3 Bxc3 19. bxc3 Bh5 20. Rf5 Nf3+ 21. Kf2 g6 22. Rxf3 Bxf3 23. Kxf3 Rb6 24. Be2 Rd8 25. c4 Rf6+ 26. Kg2 Rb6 27. h4 Rdb8 28. e4 Rb1 29. Rxb1 Rxb1 30. Be3 Rb3 31. Kf2 Rxa3 32. h5 a5 33. h6 Ra2 34. Kf3 a4 35. Bc5 a3 36. Ke3 Ra1 37. Kd3 a2 38. Bd4 Rb1 39. e5 a1Q 40. Bxa1 Rxa1 41. Kd4 Kf8 42. Bf3 Ra3 43. Ke4 Rc3 44. Be2 Rxg3 45. Kd5 Ke7 46. c5 Re3 47. Bb5 g5 48. Kc6 Kd8 49. Bc4 Rxe5 50. Bxf7 g4 51. Bg8 Rh5 52. Bxh7 Rxh6+ 53. Kb7 Rxh7 54. c6 g3 55. Kb8 g2 56. Ka8 g1Q 57. Kb7 0-1

[Event "Dortmund op-B"]
[Site "Dortmund"]
[Date "2005.07.14"]
[Round "6"]
[White "Mainka, Walter"]
[Black "Dreesbach, Christoph"]
[Result "0-1"]
[WhiteElo "1552"]
[BlackElo "1254"]
[PlyCount "144"]
[EventDate "2005.07.08"]
[EventType "swiss"]
[EventRounds "9"]
[EventCountry "GER"]
[SourceTitle "CBM 107 Extra"]
[Source "ChessBase"]
[SourceDate "2005.09.01"]
[SourceVersion "1"]
[SourceVersionDate "2005.09.01"]
[SourceQuality "1"]

1. d4 d5 2. e3 c6 3. c4 e6 4. a3 Nd7 5. Nf3 Ngf6 6. Nc3 dxc4 7. Bxc4 b5 8. Be2 a6 9. b4 Nb6 10. Bb2 Bd6 11. Rc1 Bb7 12. 0-0 0-0 13. Qc2 Qc7 14. g3 Rac8 15. Rfd1 Rce8 16. Ne5 Bxe5 17. dxe5 Nfd7 18. f4 c5 19. Bf1 c4 20. Bg2 Bxg2 21. Qxg2 Qc6 22. Ne4 Rd8 23. Rd6 Qc7 24. Rcd1 Na4 25. Bd4 Ndb6 26. Bc5 Nd5 27. Kf2 Nb2 28. Rd2 Nd3+ 29. Rxd3 cxd3 30. Qf1 Ne7 31. Qxd3 Nf5 32. Ng5 h6 33. Ne4 Nxd6 34. exd6 Qd7 35. g4 f5 36. gxf5 exf5 37. Qd5+ Qf7 38. Nc3 Qxd5 39. Nxd5 Kf7 40. Ne7 Ra8 41. Nxf5 a5 42. Bb6 Kf6 43. e4 axb4 44. Bd4+ Kf7 45. axb4 Ra2+ 46. Kg3 Rd2 47. Bc5 Ra8 48. e5 Ra3+ 49. Ne3 Rdd3 50. Kf3 Ke6 51. Ke4 g6 52. h3 Rxe3+ 53. Bxe3 Rb3 54. h4 Rxb4+ 55. Kd3 Rb3+ 56. Kd4 h5 57. Bd2 Rb2 58. Bc3 Rb1 59. Kc5 Rc1 60. Kb4 Rc2 61. Kb3 Rc1 62. Kb4 Rc2 63. Kb3 Rh2 64. Kb4 Rxh4 65. Kxb5 Rxf4 66. Kc5 h4 67. Bd2 Rf3 68. Kc6 Rd3 69. Bf4 h3 70. Kc7 Rc3+ 71. Kd8 Rc2 72. d7 h2 0-1

[Event "Dortmund op-B"]
[Site "Dortmund"]
[Date "2005.07.12"]
[Round "5"]
[White "Dreesbach, Christoph"]
[Black "Grzonka, Raphael"]
[Result "1-0"]
[WhiteElo "1254"]
[BlackElo "1380"]
[PlyCount "59"]
[EventDate "2005.07.08"]
[EventType "swiss"]
[EventRounds "9"]
[EventCountry "GER"]
[SourceTitle "CBM 107 Extra"]
[Source "ChessBase"]
[SourceDate "2005.09.01"]
[SourceVersion "1"]
[SourceVersionDate "2005.09.01"]
[SourceQuality "1"]

1. e4 c5 2. Nf3 d6 3. d4 cxd4 4. Nxd4 Nf6 5. Nc3 g6 6. Be3 Bg7 7. f3 0-0 8. Qd2 Nc6 9. 0-0-0 Nxd4 10. Bxd4 Be6 11. g4 Qa5 12. a3 a6 13. h4 b5 14. h5 b4 15. Nd5 Bxd5 16. exd5 Qxd5 17. axb4 Qxf3 18. Bg2 Qxg4 19. Bxa8 Rxa8 20. hxg6 fxg6 21. Bxf6 Bxf6 22. Qd5+ Kg7 23. Qxa8 Qxb4 24. Qd5 Bxb2+ 25. Kb1 Bc3+ 26. Qb3 a5 27. Qxb4 axb4 28. Rh3 h5 29. Re3 Kf6 30. Rf1+ 1-0

[Event "Dortmund op-B"]
[Site "Dortmund"]
[Date "2005.07.09"]
[Round "2"]
[White "Zickau, Norbert"]
[Black "Dreesbach, Christoph"]
[Result "1-0"]
[WhiteElo "1747"]
[BlackElo "1254"]
[PlyCount "111"]
[EventDate "2005.07.08"]
[EventType "swiss"]
[EventRounds "9"]
[EventCountry "GER"]
[SourceTitle "CBM 107 Extra"]
[Source "ChessBase"]
[SourceDate "2005.09.01"]
[SourceVersion "1"]
[SourceVersionDate "2005.09.01"]
[SourceQuality "1"]

1. c4 e5 2. Nc3 Nf6 3. g3 Nc6 4. Bg2 Bc5 5. e3 0-0 6. Nge2 Ne7 7. d4 exd4 8. exd4 Bb4 9. 0-0 d5 10. Qa4 a5 11. a3 Bxc3 12. bxc3 c6 13. cxd5 Nexd5 14. Qc2 Bg4 15. Nf4 Re8 16. h3 Bh5 17. Nxh5 Nxh5 18. Bb2 Qd6 19. Rae1 Nxg3 20. c4 Nxf1 21. Rxe8+ Rxe8 22. cxd5 Re1 23. Bxf1 Qxd5 24. Qc3 Qg5+ 25. Qg3 Qxg3+ 26. fxg3 Rb1 27. Bc3 Rb3 28. Bxa5 Rxg3+ 29. Kf2 Rxa3 30. Bb6 Rxh3 31. Bxh3 Kf8 32. Bc8 Ke7 33. Bxb7 Kd6 34. Bc5+ Kd5 35. Bc8 g6 36. Bg4 Kc4 37. Ke3 f5 38. Bf3 Kb5 39. Kf4 h6 40. Ke5 h5 41. Kf6 h4 42. Kxg6 f4 43. Kg5 h3 44. Kxf4 h2 45. Ke5 Kc4 46. Bxc6 Kc3 47. Bh1 Kc4 48. Bf8 Kb5 49. d5 Kb6 50. d6 Ka7 51. d7 Kb6 52. d8Q+ Ka7 53. Qc7+ Ka6 54. Qb7+ Ka5 55. Bc5 Ka4 56. Qb4# 1-0

[Event "Dortmund op-B"]
[Site "Dortmund"]
[Date "2005.07.08"]
[Round "1"]
[White "Dreesbach, Christoph"]
[Black "Schoettler, Richard"]
[Result "1/2-1/2"]
[WhiteElo "1254"]
[BlackElo "1653"]
[PlyCount "35"]
[EventDate "2005.07.08"]
[EventType "swiss"]
[EventRounds "9"]
[EventCountry "GER"]
[SourceTitle "CBM 107 Extra"]
[Source "ChessBase"]
[SourceDate "2005.09.01"]
[SourceVersion "1"]
[SourceVersionDate "2005.09.01"]
[SourceQuality "1"]

1. e4 e5 2. Nf3 Nc6 3. Bb5 a6 4. Ba4 Nf6 5. 0-0 b5 6. Bb3 Bc5 7. c3 d5 8. exd5 Nxd5 9. d4 exd4 10. Re1+ Be7 11. Nxd4 Bb7 12. Nxb5 axb5 13. Qxd5 Qxd5 14. Bxd5 f6 15. Bf4 0-0-0 16. Bf3 f5 17. Nd2 Bf6 18. Nb3 1/2-1/2

[Event "Ruhrgebiet VK3 0405"]
[Site "Ruhrgebiet"]
[Date "2005.04.10"]
[Round "9.8"]
[White "Dreesbach, Christoph"]
[Black "Hellbing, Horst"]
[Result "0-1"]
[WhiteElo "1329"]
[BlackElo "1961"]
[PlyCount "70"]
[EventDate "2004.09.12"]
[EventType "team"]
[EventRounds "9"]
[EventCountry "GER"]
[SourceTitle "EXT 2006"]
[Source "ChessBase"]
[SourceDate "2005.11.24"]
[SourceVersion "1"]
[SourceVersionDate "2005.11.24"]
[SourceQuality "1"]
[WhiteTeam "Ahlen II"]
[BlackTeam "Katernberg III"]
[WhiteTeamCountry "GER"]
[BlackTeamCountry "GER"]

1. e4 e5 2. Nf3 Nc6 3. d4 exd4 4. Nxd4 Nf6 5. Nc3 Bb4 6. Bg5 h6 7. Bh4 d6 8. Nxc6 bxc6 9. e5 Bxc3+ 10. bxc3 Qe7 11. Qe2 Qxe5 12. Qxe5+ dxe5 13. Rb1 Nd5 14. c4 Nb6 15. Bd3 0-0 16. 0-0 Be6 17. Bg3 f5 18. Rb4 a5 19. Rb2 Nxc4 20. Rb7 Rfc8 21. f4 Nd6 22. Rb2 e4 23. Be2 a4 24. Rd1 a3 25. Rbb1 Bxa2 26. Ra1 Bd5 27. Rdb1 a2 28. Rb2 Rcb8 29. Rxb8+ Rxb8 30. c4 Rb1+ 31. Rxb1 axb1Q+ 32. Kf2 Qb6+ 33. Ke1 Nxc4 34. Bxc4 Qe3+ 35. Kf1 Bxc4# 0-1